[Event "Malinska Krk op"]
[Site "Malinska"]
[Date "2019.10.31"]
[Round "1"]
[White "Vojak, Daniel"]
[Black "Peric, Davor"]
[Result "1-0"]
[WhiteElo "2275"]
[BlackElo "1806"]
[PlyCount "61"]
[EventDate "2019.10.30"]
[EventType "swiss"]
[EventRounds "5"]
[EventCountry "CRO"]
[SourceTitle "CBM 192 Extra"]
[Source "Chessbase"]
[SourceDate "2019.11.06"]
[SourceVersion "1"]
[SourceVersionDate "2019.11.06"]
[SourceQuality "1"]

1. e4 c6 2. d4 d5 3. e5 c5 4. dxc5 e6 5. Be3 Nh6 6. Bd3 Nc6 7. Nf3 Qc7 8. 0-0 Bd7 9. Nc3 Nxe5 10. Nb5 Bxb5 11. Bxb5+ Nc6 12. Qd2 Nf5 13. Bf4 Qd8 14. Ne5 Rc8 15. Nxc6 bxc6 16. Ba6 Bxc5 17. Bxc8 Qxc8 18. Qc3 Be7 19. g4 d4 20. Qa5 Nh4 21. Qxa7 e5 22. Bg3 Nf3+ 23. Kg2 Qxg4 24. Qa8+ Kd7 25. Qb7+ Kd6 26. Qb3 Nh4+ 27. Kh1 Nf3 28. Rad1 Qe4 29. Qd3 Qd5 30. c4 dxc3 31. Qxf3 1-0

[Event "Zadar op-B 25th"]
[Site "Zadar"]
[Date "2018.12.15"]
[Round "1"]
[White "Peric, Davor"]
[Black "Bozanic, Ivica"]
[Result "0-1"]
[WhiteElo "1812"]
[BlackElo "2162"]
[PlyCount "80"]
[EventDate "2018.12.15"]
[EventType "swiss"]
[EventRounds "9"]
[EventCountry "CRO"]
[SourceTitle "CBM 188 Extra"]
[Source "ChessBase"]
[SourceDate "2019.02.26"]
[SourceVersion "1"]
[SourceVersionDate "2019.02.26"]
[SourceQuality "1"]

1. d4 g6 2. c4 Bg7 3. e4 d6 4. Nf3 e5 5. dxe5 dxe5 6. Qxd8+ Kxd8 7. Nc3 c6 8. Be3 f6 9. Be2 Be6 10. 0-0-0+ Nd7 11. Nd2 Bh6 12. Bxh6 Nxh6 13. f3 Ke7 14. Nf1 Nc5 15. Ne3 a5 16. Rd2 Nf7 17. Rhd1 Rhd8 18. Rxd8 Nxd8 19. g4 Bf7 20. h4 Nde6 21. b3 Rh8 22. h5 Nf4 23. h6 Nce6 24. Rd2 Nd4 25. Bd1 b5 26. cxb5 cxb5 27. Ncd5+ Bxd5 28. Nxd5+ Nxd5 29. exd5 Kd6 30. Kb2 Kxd5 31. a3 b4 32. axb4 axb4 33. Rf2 Rc8 34. f4 e4 35. f5 e3 36. Rg2 g5 37. Kb1 Ke4 38. Kb2 Kd3 39. Rg3 Kd2 40. Rh3 Rc3 0-1

[Event "Sveti Vid CC Klis-ch"]
[Site "Sveti Vid"]
[Date "2014.01.31"]
[Round "6"]
[White "Peric, Davor"]
[Black "Caleta, Josip"]
[Result "1/2-1/2"]
[WhiteElo "1897"]
[BlackElo "1470"]
[PlyCount "100"]
[EventDate "2014.01.18"]
[EventType "tourn"]
[EventRounds "11"]
[EventCountry "CRO"]
[SourceTitle "EXT 2016"]
[Source "ChessBase"]
[SourceDate "2015.10.08"]
[SourceVersion "1"]
[SourceVersionDate "2015.10.08"]
[SourceQuality "1"]

1. d4 g6 2. Nf3 Bg7 3. g3 d5 4. Bg2 Nc6 5. 0-0 Bg4 6. c3 Nf6 7. Nbd2 0-0 8. Qb3 Na5 9. Qa4 b6 10. h3 Bd7 11. Qd1 Qc8 12. Kh2 Ne4 13. Nxe4 dxe4 14. Nd2 f5 15. b4 Nb7 16. Bb2 Nd6 17. Qb3+ Be6 18. d5 Bf7 19. c4 a5 20. Bxg7 Kxg7 21. Qb2+ Kg8 22. Rfc1 axb4 23. Qxb4 Qa6 24. Nb3 Rfe8 25. e3 Qa3 26. Qd2 Nb7 27. Rc3 Nc5 28. Nd4 Qa5 29. Nb5 Rec8 30. Bf1 Qa6 31. Nd4 Qb7 32. Nc6 Re8 33. Ne5 Qc8 34. Be2 Qd8 35. Qd4 Qd6 36. Kg2 Ra6 37. Nc6 Rea8 38. Qd2 Na4 39. Rc2 Nc5 40. Qc3 Be8 41. Nd4 Ra3 42. Qd2 Ba4 43. Rc3 Bd7 44. Rxa3 Rxa3 45. Rb1 Ra5 46. Nb3 Ra8 47. Nxc5 Qxc5 48. Qb2 Ra5 49. Rd1 Ba4 50. Rd2 Be8 1/2-1/2

[Event "Hum na Sutli op 7th"]
[Site "Hum na Sutli"]
[Date "2013.08.30"]
[Round "1"]
[White "Peric, Davor"]
[Black "Loncar, Robert"]
[Result "0-1"]
[WhiteElo "1889"]
[BlackElo "2380"]
[PlyCount "122"]
[EventDate "2013.08.30"]
[EventType "swiss"]
[EventRounds "9"]
[EventCountry "CRO"]
[SourceTitle "EXT 2015"]
[Source "ChessBase"]
[SourceDate "2014.11.20"]
[SourceVersion "1"]
[SourceVersionDate "2014.11.20"]
[SourceQuality "1"]

1. d4 Nf6 2. Bg5 d5 3. Bxf6 exf6 4. g3 c6 5. Nf3 Qb6 6. Qc1 Bg4 7. Nbd2 Be7 8. Bg2 0-0 9. 0-0 Nd7 10. e3 Be6 11. c4 f5 12. c5 Qc7 13. b4 a5 14. a3 b5 15. Qb2 Nf6 16. Nb3 a4 17. Nc1 Ne4 18. Nd3 f6 19. Nd2 Qd7 20. Rae1 Rae8 21. Qc1 Bd8 22. f3 Nxd2 23. Qxd2 Bc7 24. Kf2 Bf7 25. Rg1 h5 26. f4 Re4 27. Bxe4 fxe4 28. Nc1 Be6 29. Kg2 Bg4 30. Rgf1 Bh3+ 31. Kh1 Bxf1 32. Rxf1 h4 33. Qg2 hxg3 34. hxg3 Qg4 35. Ne2 Kf7 36. Kg1 Rh8 37. Kf2 Qh5 38. Ke1 f5 39. Rf2 Bd8 40. Rf1 Rh6 41. Rg1 Qf3 42. Qf2 Rh3 43. Rg2 Qh5 44. Rg1 Bf6 45. Rg2 Qh7 46. Rg1 Kg6 47. Rg2 Qh5 48. Rg1 Qf3 49. Rg2 Kh5 50. Rg1 Kg4 51. Rg2 g5 52. Rg1 Bd8 53. Rg2 Bc7 54. Rg1 Kh5 55. Rg2 Kg6 56. Rg1 Qh5 57. Rg2 Kf6 58. Rg1 Qf3 59. Rg2 gxf4 60. gxf4 Qxe3 61. Qf1 Qxa3 0-1

[Event "Split op 2nd"]
[Site "Split"]
[Date "2012.08.19"]
[Round "9"]
[White "Peric, Davor"]
[Black "Fraser Mitchell, Jeremy N"]
[Result "0-1"]
[WhiteElo "1877"]
[BlackElo "2071"]
[PlyCount "89"]
[EventDate "2012.08.11"]
[EventType "swiss"]
[EventRounds "9"]
[EventCountry "CRO"]
[SourceTitle "CBM 149 Extra"]
[Source "ChessBase"]
[SourceDate "2012.08.24"]
[SourceVersion "1"]
[SourceVersionDate "2012.08.24"]
[SourceQuality "1"]

1. d4 b5 2. Bf4 Nf6 3. e3 a6 4. h3 Bb7 5. Nf3 e6 6. Bd3 c5 7. c3 Nc6 8. 0-0 Be7 9. Nbd2 0-0 10. Re1 Rc8 11. Ne5 h6 12. dxc5 Bxc5 13. Nb3 Be7 14. Qe2 Qb6 15. Rad1 Nxe5 16. Bxe5 Rfd8 17. Nd4 Bd5 18. a3 Bc4 19. e4 d5 20. exd5 Rxd5 21. Qf3 Bxd3 22. Rxd3 Rcd8 23. Bf4 g5 24. Bg3 Nd7 25. Rdd1 Bf6 26. Qh5 Bg7 27. Nc2 Nf6 28. Qf3 Rxd1 29. Rxd1 Rxd1+ 30. Qxd1 Nd5 31. Qd2 Qc5 32. Kh1 Nb6 33. Qd8+ Kh7 34. Qd3+ Qf5 35. Qe2 Nc4 36. b3 Nb6 37. Bc7 Nd5 38. Ba5 Bxc3 39. Bxc3 Nxc3 40. Qd2 Ne4 41. Qe2 Nxf2+ 42. Kg1 Ne4 43. Ne3 Qe5 44. Ng4 Qd4+ 45. Kh1 0-1

[Event "Split SDZ op"]
[Site "Split"]
[Date "2012.03.23"]
[Round "7"]
[White "Peric, Davor"]
[Black "Porobija, Antonio"]
[Result "0-1"]
[WhiteElo "1882"]
[BlackElo "2055"]
[PlyCount "86"]
[EventDate "2012.03.17"]
[EventType "swiss"]
[EventRounds "9"]
[EventCountry "CRO"]
[SourceTitle "EXT 2013"]
[Source "ChessBase"]
[SourceDate "2012.11.22"]
[SourceVersion "1"]
[SourceVersionDate "2012.11.22"]
[SourceQuality "1"]

1. d4 Nf6 2. Nf3 c5 3. d5 d6 4. c4 b5 5. cxb5 a6 6. bxa6 Bxa6 7. Nc3 g6 8. e4 Bxf1 9. Kxf1 Bg7 10. g3 0-0 11. Kg2 Nbd7 12. Qc2 Ra6 13. Re1 Qa8 14. a3 Rb8 15. Nd2 Nb6 16. Rb1 Ng4 17. h3 Ne5 18. f4 Ned7 19. Kh2 Na4 20. Nxa4 Rxa4 21. Nc4 Ra6 22. Bd2 Nb6 23. Ne3 Na4 24. Nc4 Ra7 25. b3 Nb6 26. a4 Bd4 27. Na3 Nd7 28. Nb5 Rxb5 29. axb5 Ra2 30. Qd3 f5 31. Re2 Nf6 32. Be3 fxe4 33. Qd1 Bxe3 34. Kh1 Bd4 35. b6 Ra6 36. f5 gxf5 37. b4 Rxb6 38. bxc5 Bxc5 39. Rxb6 Bxb6 40. Rb2 Bc5 41. Rd2 Qa3 42. Kh2 e3 43. Rd3 Qb2+ 0-1

[Event "Split SDZ op"]
[Site "Split"]
[Date "2012.03.21"]
[Round "5"]
[White "Peric, Davor"]
[Black "Sunara, Tomislav"]
[Result "1/2-1/2"]
[WhiteElo "1882"]
[BlackElo "1994"]
[PlyCount "59"]
[EventDate "2012.03.17"]
[EventType "swiss"]
[EventRounds "9"]
[EventCountry "CRO"]
[SourceTitle "EXT 2013"]
[Source "ChessBase"]
[SourceDate "2012.11.22"]
[SourceVersion "1"]
[SourceVersionDate "2012.11.22"]
[SourceQuality "1"]

1. d4 d5 2. c4 c6 3. cxd5 cxd5 4. Nf3 g6 5. Nc3 Bg7 6. Bf4 Nf6 7. e3 0-0 8. Bd3 Nc6 9. 0-0 Bg4 10. h3 Bf5 11. Bxf5 gxf5 12. Rc1 Kh8 13. Ne5 e6 14. Bg5 Rc8 15. Ne2 Qe8 16. Nxc6 bxc6 17. Qa4 Qd7 18. Rc2 c5 19. Qxd7 Nxd7 20. Rfc1 c4 21. b3 Nb6 22. Be7 Rfe8 23. Bc5 cxb3 24. axb3 Kg8 25. Nf4 Rc6 26. Nd3 Rec8 27. Nb4 R6c7 28. Na6 Rc6 29. Nb4 R6c7 30. Na6 1/2-1/2

[Event "Sveti Vid CC Klis-ch"]
[Site "Sveti Vid"]
[Date "2012.02.12"]
[Round "10"]
[White "Peric, Davor"]
[Black "Jozic, Vjekoslav"]
[Result "1-0"]
[WhiteElo "1899"]
[BlackElo "1793"]
[PlyCount "103"]
[EventDate "2012.01.06"]
[EventType "tourn"]
[EventRounds "11"]
[EventCountry "CRO"]
[SourceTitle "EXT 2014"]
[Source "ChessBase"]
[SourceDate "2013.11.20"]
[SourceVersion "1"]
[SourceVersionDate "2013.11.20"]
[SourceQuality "1"]

1. d4 Nf6 2. Bg5 g6 3. Bxf6 exf6 4. g3 Bg7 5. e3 0-0 6. Bg2 c5 7. c3 Qb6 8. Qd2 d6 9. Ne2 Nc6 10. 0-0 f5 11. Na3 Re8 12. Nf4 cxd4 13. cxd4 Ne7 14. Nc4 Qa6 15. Qb4 Rd8 16. Na5 Rb8 17. Rfc1 g5 18. Nd5 Nxd5 19. Bxd5 Qb6 20. Qxb6 axb6 21. Nc4 b5 22. Nb6 Be6 23. Rc7 f4 24. Rac1 Bxd5 25. Nxd5 fxe3 26. fxe3 Re8 27. Rd7 Red8 28. Rcc7 Rxd7 29. Rxd7 Bf8 30. Rc7 Ra8 31. Rxb7 Rxa2 32. Rxb5 Kg7 33. g4 Kg6 34. Kg2 h5 35. h3 hxg4 36. hxg4 f6 37. Kf3 Kf7 38. Rb7+ Kg6 39. b4 Rb2 40. b5 f5 41. gxf5+ Kxf5 42. Rf7+ Ke6 43. Rxf8 Kxd5 44. Rf5+ Kc4 45. Rxg5 d5 46. Rg2 Rxb5 47. Rc2+ Kb4 48. Rb2+ Kc4 49. Rxb5 Kxb5 50. Kf4 Kb6 51. Ke5 Kc6 52. Ke6 1-0

[Event "Mediterranean op 5th"]
[Site "Rijeka"]
[Date "2011.11.18"]
[Round "8"]
[White "Peric, Davor"]
[Black "Kukina, Mario"]
[Result "0-1"]
[WhiteElo "1916"]
[BlackElo "2061"]
[PlyCount "60"]
[EventDate "2011.11.11"]
[EventType "swiss"]
[EventRounds "9"]
[EventCountry "CRO"]
[SourceTitle "EXT 2012"]
[Source "ChessBase"]
[SourceDate "2011.11.24"]
[SourceVersion "1"]
[SourceVersionDate "2011.11.24"]
[SourceQuality "1"]

1. d4 Nf6 2. Bg5 d5 3. Bxf6 gxf6 4. e3 Bf5 5. Nd2 e6 6. Ne2 c5 7. c3 Nc6 8. Ng3 Bg6 9. dxc5 Bxc5 10. Nb3 Be7 11. Bd3 Qb6 12. Bxg6 hxg6 13. Ne2 a5 14. Rb1 a4 15. Nbd4 Ne5 16. b3 Qa6 17. 0-0 a3 18. Qd2 f5 19. Rfd1 g5 20. f4 Ng4 21. h3 Nf6 22. Ng3 g4 23. hxg4 Nxg4 24. Ngxf5 exf5 25. Nxf5 Rd8 26. Qd4 Bf6 27. Qc5 Qe2 28. e4 Rh2 29. Nd6+ Rxd6 30. Qc8+ Rd8 0-1

[Event "Mediterranean op 5th"]
[Site "Rijeka"]
[Date "2011.11.14"]
[Round "4"]
[White "Blazeka, Matej"]
[Black "Peric, Davor"]
[Result "1/2-1/2"]
[WhiteElo "2193"]
[BlackElo "1916"]
[PlyCount "94"]
[EventDate "2011.11.11"]
[EventType "swiss"]
[EventRounds "9"]
[EventCountry "CRO"]
[SourceTitle "EXT 2012"]
[Source "ChessBase"]
[SourceDate "2011.11.24"]
[SourceVersion "1"]
[SourceVersionDate "2011.11.24"]
[SourceQuality "1"]

1. c4 f5 2. g3 Nf6 3. Bg2 e6 4. Nc3 Be7 5. Nf3 0-0 6. d4 d5 7. Ne5 c6 8. 0-0 Nbd7 9. Nxd7 Bxd7 10. b3 Be8 11. f3 Bh5 12. Qd3 Bg6 13. Qd2 Qd7 14. Bb2 dxc4 15. bxc4 e5 16. e3 exd4 17. exd4 Rad8 18. Ne2 Bf7 19. Rfc1 Rfe8 20. a4 Bf8 21. Qc2 Re3 22. Nf4 Rde8 23. Nd3 Re2 24. Qc3 R2e3 25. Qc2 Re2 26. Qc3 R2e3 27. Re1 Rxe1+ 28. Nxe1 Qe6 29. Bf1 Qe3+ 30. Qxe3 Rxe3 31. Bd3 Bb4 32. Kf2 Rxe1 33. Rxe1 Bxe1+ 34. Kxe1 Be6 35. Kd2 Kf7 36. Ke3 Nd7 37. a5 g6 38. Kd2 Nf6 39. Ba3 Nd7 40. Bd6 Ke8 41. Kc3 Kd8 42. d5 cxd5 43. c5 Kc8 44. Kd4 Kd8 45. f4 Kc8 46. h4 h5 47. Bb5 Bf7 1/2-1/2

[Event "Split op 1st"]
[Site "Split"]
[Date "2011.08.05"]
[Round "1"]
[White "Djurovic, Goran"]
[Black "Peric, Davor"]
[Result "1-0"]
[WhiteElo "2328"]
[BlackElo "1946"]
[PlyCount "92"]
[EventDate "2011.08.05"]
[EventType "swiss"]
[EventRounds "9"]
[EventCountry "CRO"]
[SourceTitle "CBM 143 Extra"]
[Source "ChessBase"]
[SourceDate "2011.08.29"]
[SourceVersion "1"]
[SourceVersionDate "2011.08.29"]
[SourceQuality "1"]

1. g3 d5 2. Nf3 Nf6 3. Bg2 Bg4 4. d3 e6 5. 0-0 Bd6 6. Nc3 c6 7. e4 dxe4 8. Nxe4 Nxe4 9. dxe4 e5 10. a4 Qe7 11. h3 Bxf3 12. Qxf3 Na6 13. a5 0-0 14. Qe2 Nc7 15. c3 Ne6 16. b4 Rad8 17. Be3 a6 18. Rfe1 Rfe8 19. h4 Bc7 20. Bf1 Qf6 21. Qg4 Qg6 22. Qf3 h6 23. Kh2 Rd6 24. Bc4 Red8 25. Qf5 Qxf5 26. exf5 Nf8 27. Kg2 Nd7 28. Be2 Nf6 29. c4 e4 30. g4 R6d7 31. Rab1 Be5 32. Rec1 Bd4 33. Bf4 c5 34. b5 axb5 35. g5 hxg5 36. hxg5 Ne8 37. cxb5 Ra8 38. a6 bxa6 39. b6 Nd6 40. Bxa6 Rxa6 41. Bxd6 Rxd6 42. b7 Rab6 43. b8Q+ Rxb8 44. Rxb8+ Kh7 45. Rh1+ Rh6 46. gxh6 gxh6 1-0

[Event "Zadar op-B 17th"]
[Site "Zadar"]
[Date "2010.12.12"]
[Round "1"]
[White "Peric, Davor"]
[Black "Pandurevic, Miro"]
[Result "0-1"]
[WhiteElo "1946"]
[BlackElo "2246"]
[PlyCount "78"]
[EventDate "2010.12.12"]
[EventType "swiss"]
[EventRounds "9"]
[EventCountry "CRO"]
[SourceTitle "CBM 139 Extra"]
[Source "ChessBase"]
[SourceDate "2011.01.05"]
[SourceVersion "1"]
[SourceVersionDate "2011.01.05"]
[SourceQuality "1"]

1. d4 Nf6 2. Bg5 e6 3. e4 h6 4. Bxf6 Qxf6 5. c3 e5 6. Nf3 Nc6 7. d5 Ne7 8. Bd3 Ng6 9. g3 Bc5 10. 0-0 a6 11. Nbd2 d6 12. Re1 Ne7 13. Bf1 g5 14. Qe2 Ng6 15. Rec1 h5 16. Ne1 Bg4 17. Ndf3 h4 18. Bg2 hxg3 19. hxg3 0-0-0 20. b4 Ba7 21. a4 Bd7 22. c4 g4 23. Nd2 Bd4 24. Ra2 Rdg8 25. c5 Kd8 26. Nb3 Nf4 27. gxf4 exf4 28. Nxd4 f3 29. Ndxf3 gxf3 30. Qxf3 Qh6 31. Kf1 Qxc1 32. Qf6+ Kc8 33. cxd6 Qc4+ 34. Re2 Bxa4 35. dxc7 Bb5 36. Qf3 Qxc7 37. Nd3 Rxg2 38. Kxg2 Qh2+ 39. Kf1 Bxd3 0-1

[Event "Mediterranean op-B 4th"]
[Site "Rijeka"]
[Date "2010.11.14"]
[Round "3"]
[White "Peric, Davor"]
[Black "Lacrosse, Marc"]
[Result "0-1"]
[WhiteElo "1946"]
[BlackElo "2184"]
[PlyCount "110"]
[EventDate "2010.11.13"]
[EventType "swiss"]
[EventRounds "9"]
[EventCountry "CRO"]
[SourceTitle "EXT 2011"]
[Source "ChessBase"]
[SourceDate "2010.11.26"]
[SourceVersion "1"]
[SourceVersionDate "2010.11.26"]
[SourceQuality "1"]

1. d4 d5 2. c4 e6 3. Nf3 Nf6 4. g3 Be7 5. Bg2 0-0 6. Qc2 c5 7. e3 cxd4 8. exd4 b6 9. b3 Bb7 10. 0-0 Nc6 11. Bb2 Rc8 12. Nbd2 dxc4 13. bxc4 Na5 14. Rfc1 Bb4 15. Qa4 Qe7 16. Bc3 Bxc3 17. Rxc3 Bc6 18. Qc2 Rc7 19. Rc1 Rfc8 20. Qd3 h6 21. Ne5 Bxg2 22. Kxg2 Nc6 23. Nxc6 Rxc6 24. Nf3 R6c7 25. Ne5 Qd6 26. Qe3 Rd8 27. Rd3 Nd7 28. Nxd7 Rdxd7 29. Qe4 Qc6 30. Qxc6 Rxc6 31. Kf3 Kf8 32. Ke3 Ke7 33. a4 Rd5 34. cxd5 Rxc1 35. dxe6 Kxe6 36. Ra3 Kd5 37. a5 b5 38. a6 Kc4 39. Kd2 Rf1 40. Ke2 Rb1 41. Rd3 Kd5 42. h4 Ra1 43. Rb3 Kc4 44. Rb2 Rxa6 45. Rc2+ Kxd4 46. Rc7 Ra2+ 47. Ke1 a5 48. Rd7+ Kc3 49. Rxf7 b4 50. Rc7+ Kb2 51. Rxg7 b3 52. f4 Ra4 53. f5 Ka1 54. f6 b2 55. Rd7 b1Q+ 0-1

[Event "Velika Gorica op 9th"]
[Site "Velika Gorica"]
[Date "2010.08.23"]
[Round "1"]
[White "Fercec, Nenad"]
[Black "Peric, Davor"]
[Result "1-0"]
[WhiteElo "2498"]
[BlackElo "1970"]
[PlyCount "61"]
[EventDate "2010.08.23"]
[EventType "swiss"]
[EventRounds "9"]
[EventCountry "CRO"]
[SourceTitle "CBM 138 Extra"]
[Source "ChessBase"]
[SourceDate "2010.10.29"]
[SourceVersion "1"]
[SourceVersionDate "2010.10.29"]
[SourceQuality "1"]

1. e4 e5 2. Nf3 Nf6 3. d4 Nxe4 4. Bd3 d5 5. dxe5 Be7 6. 0-0 0-0 7. c4 c6 8. Qc2 f5 9. exf6 Nxf6 10. cxd5 cxd5 11. Bg5 h6 12. Bh4 Nc6 13. a3 Kh8 14. Nbd2 Bg4 15. h3 Bh5 16. Rfe1 Bd6 17. Bg6 Bxg6 18. Qxg6 Qd7 19. Re2 Ne7 20. Qd3 Nf5 21. Bxf6 Rxf6 22. Ne5 Bxe5 23. Rxe5 Rd8 24. Rae1 Qf7 25. Nf3 g5 26. Nh2 Nh4 27. Ng4 Rf3 28. gxf3 Nxf3+ 29. Kh1 Nxe1 30. Rxe1 h5 31. Ne5 1-0

[Event "Mediterranean op 3rd"]
[Site "Rijeka"]
[Date "2009.12.01"]
[Round "5"]
[White "Orenda, Omar"]
[Black "Peric, Davor"]
[Result "1-0"]
[WhiteElo "2132"]
[BlackElo "1940"]
[PlyCount "41"]
[EventDate "2009.11.27"]
[EventType "swiss"]
[EventRounds "9"]
[EventCountry "CRO"]
[SourceTitle "CBM 133 Extra"]
[Source "ChessBase"]
[SourceDate "2010.01.05"]
[SourceVersion "1"]
[SourceVersionDate "2010.01.05"]
[SourceQuality "1"]

1. Nf3 Nf6 2. c4 c6 3. d4 d5 4. e3 e6 5. b3 Be7 6. Bb2 Ne4 7. Bd3 f5 8. 0-0 0-0 9. Ne5 Nd7 10. f3 Nxe5 11. dxe5 Ng5 12. Qe2 c5 13. Nc3 b6 14. Rad1 Bb7 15. cxd5 exd5 16. Bc4 Kh8 17. Nxd5 Bxd5 18. Bxd5 Qc7 19. Bxa8 Rxa8 20. Qc4 Qc6 21. e4 1-0

[Event "Mediterranean op 3rd"]
[Site "Rijeka"]
[Date "2009.11.30"]
[Round "4"]
[White "Peric, Davor"]
[Black "Valenti, Giuseppe"]
[Result "1/2-1/2"]
[WhiteElo "1940"]
[BlackElo "2141"]
[PlyCount "80"]
[EventDate "2009.11.27"]
[EventType "swiss"]
[EventRounds "9"]
[EventCountry "CRO"]
[SourceTitle "CBM 133 Extra"]
[Source "ChessBase"]
[SourceDate "2010.01.05"]
[SourceVersion "1"]
[SourceVersionDate "2010.01.05"]
[SourceQuality "1"]

1. d4 Nf6 2. Bg5 e6 3. e4 h6 4. Bxf6 Qxf6 5. c3 d6 6. Bd3 Nd7 7. Ne2 b6 8. 0-0 Bb7 9. f4 g6 10. Nd2 Bg7 11. e5 Qe7 12. Be4 d5 13. Bd3 0-0 14. Rf3 c5 15. Rh3 a5 16. g4 f5 17. gxf5 exf5 18. Nf3 Rf7 19. Qf1 c4 20. Bc2 b5 21. Qg2 Ra6 22. Kh1 Nf8 23. Rg1 Bc8 24. Ng3 b4 25. Nf1 bxc3 26. bxc3 Bb7 27. Ne3 Rb6 28. Nh4 Qd8 29. Nhxf5 gxf5 30. Nxf5 Bc8 31. Nxh6+ Rxh6 32. Rxh6 Qe7 33. f5 Bxf5 34. Bxf5 Rxf5 35. Qxd5+ Qf7 36. Qg2 Rf2 37. Qe4 Rf4 38. Qg2 Rf2 39. Qe4 Rf4 40. Qg2 Rf2 1/2-1/2

[Event "Mediterranean op 3rd"]
[Site "Rijeka"]
[Date "2009.11.27"]
[Round "1"]
[White "Sale, Srdjan"]
[Black "Peric, Davor"]
[Result "1/2-1/2"]
[WhiteElo "2399"]
[BlackElo "1940"]
[PlyCount "84"]
[EventDate "2009.11.27"]
[EventType "swiss"]
[EventRounds "9"]
[EventCountry "CRO"]
[SourceTitle "CBM 133 Extra"]
[Source "ChessBase"]
[SourceDate "2010.01.05"]
[SourceVersion "1"]
[SourceVersionDate "2010.01.05"]
[SourceQuality "1"]

1. f4 d5 2. Nf3 Nf6 3. g3 g6 4. Bg2 Bg7 5. 0-0 0-0 6. d3 c5 7. Nc3 Nc6 8. e4 d4 9. Ne2 Qc7 10. h3 e5 11. f5 h6 12. g4 g5 13. h4 gxh4 14. g5 hxg5 15. Bxg5 Nh7 16. Bxh4 Bh6 17. Ng3 f6 18. Kh1 Qf7 19. Bh3 Be3 20. Bg4 Qg7 21. Bh5 Bd7 22. c3 Be8 23. Qb3+ Kh8 24. Bg6 Bxg6 25. fxg6 Qxg6 26. Qxb7 Qg4 27. Qxc6 Qh3+ 28. Nh2 Qxh4 29. Nf5 Qh3 30. Rf3 Qh5 31. Nxe3 dxe3 32. Rxe3 Rg8 33. Rf1 Raf8 34. Qd7 Qg5 35. Qh3 Rg6 36. Ree1 Rfg8 37. Qf3 Qd2 38. Qe2 Qg5 39. Qf2 Qh5 40. Qf3 Qg5 41. Qf2 Qh5 42. Qe2 Qg5 1/2-1/2

[Event "Zagreb op-B"]
[Site "Zagreb"]
[Date "2009.03.21"]
[Round "1"]
[White "Mihalincic, Tomislav"]
[Black "Peric, Davor"]
[Result "1-0"]
[WhiteElo "2244"]
[BlackElo "1983"]
[PlyCount "73"]
[EventDate "2009.03.21"]
[EventType "swiss"]
[EventRounds "9"]
[EventCountry "CRO"]
[SourceTitle "CBM 129 Extra"]
[Source "ChessBase"]
[SourceDate "2009.05.05"]
[SourceVersion "2"]
[SourceVersionDate "2009.05.20"]
[SourceQuality "1"]

1. e4 e5 2. Nf3 Nf6 3. Nxe5 d6 4. Nf3 Nxe4 5. d4 d5 6. Bd3 Be7 7. 0-0 Nc6 8. h3 h6 9. c4 Nf6 10. Nc3 Be6 11. c5 0-0 12. Be3 Qc8 13. a3 Bf5 14. b4 Nd8 15. b5 c6 16. a4 Bxd3 17. Qxd3 Ne6 18. Ne2 Qc7 19. Ng3 Nd7 20. Nf5 Bf6 21. Rab1 Rfb8 22. Rfc1 Ndf8 23. g3 Nh7 24. Kg2 Bg5 25. Bxg5 hxg5 26. Ne5 Nf6 27. bxc6 bxc6 28. Nxc6 Rxb1 29. Rxb1 g6 30. Nfe7+ Kg7 31. Qa6 Qd7 32. Rb7 Nc7 33. Qa5 Rh8 34. g4 Rxh3 35. Ne5 Qe8 36. Qxc7 Qh8 37. Nf5+ 1-0

[Event "Velika Gorica op 8th"]
[Site "Velika Gorica"]
[Date "2008.08.23"]
[Round "1"]
[White "Mihalinec, Damir"]
[Black "Peric, Davor"]
[Result "1-0"]
[WhiteElo "2249"]
[BlackElo "1967"]
[PlyCount "63"]
[EventDate "2008.08.23"]
[EventType "swiss"]
[EventRounds "9"]
[EventCountry "CRO"]
[SourceTitle "CBM 126 Extra"]
[Source "ChessBase"]
[SourceDate "2008.11.05"]
[SourceVersion "1"]
[SourceVersionDate "2008.11.05"]
[SourceQuality "1"]

1. e4 e5 2. Nf3 Nf6 3. d4 Nxe4 4. Bd3 d5 5. Nxe5 Nd7 6. Qe2 Nxe5 7. Bxe4 dxe4 8. Qxe4 Be6 9. Qxe5 Qd7 10. Nc3 0-0-0 11. Be3 Bb4 12. 0-0 Bd6 13. Qa5 a6 14. Ne4 Rhe8 15. Rfc1 Bd5 16. Nxd6+ Qxd6 17. c4 Be4 18. Qh5 Bg6 19. Qh3+ Kb8 20. c5 Qc6 21. a4 Re4 22. b4 Rd5 23. b5 axb5 24. axb5 Qxb5 25. Ra8+ Kxa8 26. Qc8+ Ka7 27. Ra1+ Qa6 28. Rxa6+ Kxa6 29. Qa8+ Kb5 30. Qxb7+ Kc4 31. Qa6+ Kc3 32. Qa3+ 1-0